Statystyki dla Stany Zjednoczone - quiz na mapie

Kliknij tutaj aby rozwiązać quiz!

Ogólne statystyki

  • Ten quiz został rozwiązany 15 391 razy
  • Średni wynik to 20 z 50

Odpowiedzi na mapie

Odpowiedzi skodowane kolorowo w zielono-czerwonej skali na mapie do tego quizu, zgodnie z poniższymi procentami.
 

Statystyki odpowiedzi

Odpowiedź% Poprawnych
Alaska
83%
Hawaje
75%
Kalifornia
75%
Teksas
72%
Floryda
69%
Waszyngton
68%
Nowy Meksyk
56%
Oregon
48%
Arizona
47%
Nowy Jork
47%
Dakota Południowa
45%
Dakota Północna
43%
Karolina Północna
43%
Luizjana
43%
Nevada
43%
Karolina Południowa
42%
Alabama
40%
Georgia
40%
Michigan
39%
Montana
38%
Maine
37%
Tennessee
36%
Wirginia
36%
Wirginia Zachodnia
36%
Ohio
35%
Kentucky
34%
Pensylwania
34%
Idaho
33%
Illinois
33%
Kolorado
33%
Rhode Island
33%
Utah
33%
Minnesota
31%
Missisipi
31%
New Jersey
31%
Oklahoma
30%
Vermont
30%
Indiana
28%
Wyoming
28%
Delaware
27%
Maryland
27%
Massachusetts
27%
Wisconsin
27%
New Hampshire
26%
Arkansas
24%
Connecticut
24%
Kansas
24%
Nebraska
24%
Iowa
22%
Missouri
22%

Rozkład punktacji

Percentyl według liczby udzielonych odpowiedzi

Procent ludzi z każdym wynikiem

Twoja historia wyników

Nie rozwiązałeś tego quizu